00396 a2200109 4500001001000000005001700010008004100027245007100068100002600139700001900165773010200184ART_3958420260410162012.0260409a 10ala futilidad de criticar al modelo de Simon de elección racional1 aMarqués, Gustavo L.1 aWeisman, Diego0 tDocumentos del CIECEgEnsayos sobre racionalidad en economía - Nº 4 (ene./jun. 2008)wREV39541